000 00797nam a2200205 i 4500
001 112700
003 ES-MaACL
005 20250827062620.0
007 t|
008 061121s1947 sp l |||| | spa d
110 1 _aEspaña
_93622
240 1 0 _aLey hipotecaria, 1946
245 1 0 _aNovísima legislación hipotecaria
_b: Ley y Reglamento aprobados por Decretos de 8 de febrero de 1946 y 14 de febrero de 1947, anotados y concordados, con disposiciones legales, jurisprudencia, modelos, etc. por la Redacción de la Revista de los Tribunales.
260 _aMadrid :
_bGóngora,
_c1947.
300 _a651 p. ;
_c17 cm.
650 4 _aHipotecas-
_zEspaña-
_vLegislación.
_913366
710 2 _aRevista de los Tribunales (Madrid)
_96444
852 _aES-MaACL
_jD-6686
999 _c112700
_d112700